Signals and Information / (Record no. 182663)
[ view plain ]
| 000 -LEADER | |
|---|---|
| fixed length control field | 00780 a2200193 4500 |
| 003 - CONTROL NUMBER IDENTIFIER | |
| control field | Nust |
| 005 - DATE AND TIME OF LATEST TRANSACTION | |
| control field | 20230222121737.0 |
| 010 ## - LIBRARY OF CONGRESS CONTROL NUMBER | |
| LC control number | 73876488 |
| 020 ## - INTERNATIONAL STANDARD BOOK NUMBER | |
| International Standard Book Number | 0408700939 |
| -- | 040870098X (pbk) |
| 040 ## - CATALOGING SOURCE | |
| Transcribing agency | Nust |
| 082 00 - DEWEY DECIMAL CLASSIFICATION NUMBER | |
| Classification number | 621.3822,GOO |
| 100 1# - MAIN ENTRY--PERSONAL NAME | |
| Personal name | Goodyear, Colin Crosland. |
| 9 (RLIN) | 109467 |
| 245 10 - TITLE STATEMENT | |
| Title | Signals and Information / |
| Statement of responsibility, etc. | C. C. Goodyear. |
| 260 ## - PUBLICATION, DISTRIBUTION, ETC. | |
| Place of publication, distribution, etc. | London, |
| Name of publisher, distributor, etc. | Butterworths, |
| Date of publication, distribution, etc. | 1971. |
| 300 ## - PHYSICAL DESCRIPTION | |
| Extent | [10], 310 p. |
| Other physical details | illus. |
| Dimensions | 22 cm. |
| 505 ## - FORMATTED CONTENTS NOTE | |
| Formatted contents note | Introduction (Page-1), Describing Signals (Page-9), Signal Processing (Page-63), Modulation Theory (Page-109), Probability and Statistics (Page-159), Noise (Page-183),Signals with Noise (Page-205), Information and Coding (Page-250), Communication Channels (Page-269). |
| 650 #0 - SUBJECT ADDED ENTRY--TOPICAL TERM | |
| Topical term or geographic name entry element | Telecommunication Engineering |
| 942 ## - ADDED ENTRY ELEMENTS (KOHA) | |
| Source of classification or shelving scheme | |
| Koha item type | Book |
| Withdrawn status | Lost status | Source of classification or shelving scheme | Damaged status | Not for loan | Permanent Location | Current Location | Shelving location | Date acquired | Full call number | Barcode | Date last seen | Price effective from | Koha item type | Public note | Total Checkouts |
|---|---|---|---|---|---|---|---|---|---|---|---|---|---|---|---|
| Military College of Signals (MCS) | Military College of Signals (MCS) | General Stacks | 12/12/2016 | 621.3822,GOO | MCS5107 | 12/08/2016 | 12/12/2016 | Book | Almirah No.71, Shelf No.4 | ||||||
| Military College of Signals (MCS) | Military College of Signals (MCS) | General Stacks | 02/22/2023 | 621.3822,GOO | MCS5108 | 02/22/2023 | 02/22/2023 | Book | Almirah No.71, Shelf No.4 |
